Textbook of Hydraulics, Fluid Mechanics and Hydraulic Machines (Record no. 2718)
[ view plain ]
| 000 -LEADER | |
|---|---|
| fixed length control field | 00736nam a2200253 a 4500 |
| 020 ## - INTERNATIONAL STANDARD BOOK NUMBER | |
| ISBN | 8121901626 (paperback) |
| 020 ## - INTERNATIONAL STANDARD BOOK NUMBER | |
| ISBN | 9788121901628 (paperback) |
| 082 ## - DEWEY DECIMAL CLASSIFICATION NUMBER | |
| Classification number | 621.106KHU |
| 100 1# - MAIN ENTRY--AUTHOR NAME | |
| Personal name | Khurmi, R. S. |
| 245 10 - TITLE STATEMENT | |
| Title | Textbook of Hydraulics, Fluid Mechanics and Hydraulic Machines |
| 250 ## - EDITION STATEMENT | |
| Edition statement | 15th ed. |
| 260 ## - PUBLICATION, DISTRIBUTION, ETC. (IMPRINT) | |
| Place of publication | New Delhi |
| Name of publisher | S Chand & Co Ltd, |
| Year of publication | 1987. |
| 300 ## - PHYSICAL DESCRIPTION | |
| Number of Pages | 990 p. ; |
| 650 ## - SUBJECT ADDED ENTRY--TOPICAL TERM | |
| Topical Term | Hydraulics |
| 650 ## - SUBJECT ADDED ENTRY--TOPICAL TERM | |
| Topical Term | Mechanical engineering |
| 650 ## - SUBJECT ADDED ENTRY--TOPICAL TERM | |
| Topical Term | Mechanics, Applied |
| 650 ## - SUBJECT ADDED ENTRY--TOPICAL TERM | |
| Topical Term | Hydraulic engineering |
| 650 ## - SUBJECT ADDED ENTRY--TOPICAL TERM | |
| Topical Term | Hydraulic structures |
| 650 ## - SUBJECT ADDED ENTRY--TOPICAL TERM | |
| Topical Term | Fluid power technology |
| 650 ## - SUBJECT ADDED ENTRY--TOPICAL TERM | |
| Topical Term | Fluid mechanics |
| 650 ## - SUBJECT ADDED ENTRY--TOPICAL TERM | |
| Topical Term | Hydraulic machinery |
| 856 40 - ELECTRONIC LOCATION AND ACCESS | |
| Uniform Resource Identifier | http://10.10.170.122:8080/browse/book/21484 |
| 942 ## - ADDED ENTRY ELEMENTS (KOHA) | |
| Koha item type | Books |
| Withdrawn status | Lost status | Home library | Current library | Date acquired | Full call number | Accession Number | Koha item type |
|---|---|---|---|---|---|---|---|
| Central Library, QUEST, Nawabshah | Central Library, QUEST, Nawabshah | 13/05/2014 | 621.81KHU | 44575 | Books | ||
| Central Library, QUEST, Nawabshah | Central Library, QUEST, Nawabshah | 13/05/2014 | 621.81KHU | 44576 | Books | ||
| Central Library, QUEST, Nawabshah | Central Library, QUEST, Nawabshah | 13/05/2014 | 621.81KHU | 44577 | Books | ||
| Central Library, QUEST, Nawabshah | Central Library, QUEST, Nawabshah | 13/05/2014 | 621.81KHU | 44578 | Books | ||
| Lost and Paid For | Central Library, QUEST, Nawabshah | Central Library, QUEST, Nawabshah | 13/05/2014 | 621.81KHU | 44579 | Books |